000 01877cam a2200181 4500500
005 20260208013550.0
041 _afre
042 _adc
100 1 0 _aBarreteau, Julien
_eauthor
700 1 0 _aCrague, Gilles
_eauthor
245 0 0 _aLe management en réseau
260 _c2005.
500 _a32
520 _aLe pilotage des entreprises est l’œuvre d’un collectif de managers organisé par des outils, des méthodes et des procédures. Une enquête par entretiens réalisées auprès d’une trentaine de responsables d’entreprises en 2004-2005 signalent des évolutions notables dans la dernière décennie, tant du point de vue de l’organisation du collectif de managers que de celui des instruments qui l’équipent. En ce qui concerne la morphologie du collectif, on assiste à l’éclatement de la gestion locale, qui conduit à la montée du pilotage par les standards et au foisonnement des groupes projets. L’évolution principale dans les instruments et outils du management est liée à l’informatisation de l’activité de pilotage.
520 _aNETWORKED MANAGEMENT Corporate management is the work of a management collective organized by means of tools, methods and procedures. An interview survey in 2004-2005 on thirty managers reveals noteworthy trends over the past ten years, from the point of view of organization of the management collective and of the instruments equipping it. As regards the morphology of this collective, we are witnessing a fragmentation of local management that is leading to the rise of steering by standards and the proliferation of project groups. The main development in management instruments and tools is related to computerization.
786 0 _nRéseaux | 134 | 6 | 2005-12-01 | p. 193-220 | 0751-7971
856 4 1 _uhttps://shs.cairn.info/revue-reseaux1-2005-6-page-193?lang=fr&redirect-ssocas=7080
999 _c1660377
_d1660377